El capitalismo global /

El capitalismo global es una realidad evidente en la impresionante concentración de poder en los mercados financieros que la globalización hace cada vez más rentable. Nos remite a un nuevo mundo, donde la distribución del ingreso responde a las operaciones virtuales del sector financiero. El capital...

Full description

Bibliographic Details
Main Author: Furtado, Celso
Format: Libro
Language:English
Published: México Fondo de Cultura Económica 2001
Edition:1a.ed.
Series:Colección popular 559
Subjects:
Online Access:

MARC

LEADER 00000cam a2200000 a 4500
001 008808
003 UAHC_CL
005 20170803120511.0
008 030329b xx j 000 1 eng
020 |a 9681658582 
040 |a UAHC_CL  |c UAHC_CL  |d UAHC_CL 
100 1 |a Furtado, Celso 
245 1 3 |a El capitalismo global /  |c Celso Furtado. 
250 |a 1a.ed. 
260 |b Fondo de Cultura Económica  |a México  |c 2001 
300 |a 106 p. 
490 0 |a Colección popular  |v 559 
505 0 |a t| El largo camino de la utopía -- t| El nuevo capitalismo -- t| Globalización e identidad nacional -- t| La superación del subdesarrollo -- t| Los nuevos desafíos -- t| La dimensión cultural del desarrollo -- t| El riesgo de ingobernabilidad 
520 |a El capitalismo global es una realidad evidente en la impresionante concentración de poder en los mercados financieros que la globalización hace cada vez más rentable. Nos remite a un nuevo mundo, donde la distribución del ingreso responde a las operaciones virtuales del sector financiero. El capitalismo global es el germen de un futuro sistema mundial del poder; su conformación será la principal tarea política de los próximos decenios. Este libro es una apuesta por la imaginación. Es la búsqueda de las vías que es necesario explorar si es que se desea influir en la configuración de la nueva estructura de poder: en ciernes, es inexplicable. Son ensayos de un disidente de las teorías dominantes y de los rígidos y anquilosados círculos académicos. 
650 4 |a GLOBALIZACION 
650 4 |a CAPITALISMO  |y SIGLO 20 
653 |a COMPLEMENTARIA 
653 |a CIENCIAS POLITICAS 
900 |a 330.122 FUR 
942 |c BK 
952 |0 0  |1 0  |4 0  |6 330_122000000000000_FUR  |7 0  |8 General  |9 18655  |a BR  |b BR  |c General  |d 2017-08-03  |l 0  |o 330.122 FUR  |p 1336528  |r 2026-01-14 00:00:00  |t 1  |w 2017-08-03  |y BK 
952 |0 0  |1 0  |4 0  |6 330_122000000000000_FUR  |7 0  |8 General  |9 18656  |a BC  |b BC  |c General  |d 2017-08-03  |l 1  |o 330.122 FUR  |p 1350738  |r 2026-01-13 00:00:00  |s 2024-03-22  |t 2  |w 2017-08-03  |y BK 
999 |c 8808  |d 8808